000 01001cab a2200229 4500
001 ABS41927
008 090401t1990 xxu||||| |||| 00| 0 eng d
035 _a(Sirsi) u33526
041 _aeng
100 _aMerna, A.
245 _aBid evaluation for UK public sector construction contracts
260 _c1990
350 _a0
490 _aProceedings of the Institution of Civil Engineers
_vPart 1 (88) February 1990, 91-105(7)
520 _aDiscussion of the findings of a two year research study into the different methods of prequalification , the different types of contract document and different bid evaluation procedures used in awarding public sector civil engineering work. A number of recomendations are made for good bid evaluation procedures, and the problem of assessing low bids is considered.
650 _aCIRIA
650 _aCIVIL ENGINEERING CONTRACTS
650 _aTENDERING
690 _aBUILT ENVIRONMENT-BUILDING CONTRACT FORMS
942 _n0
948 _c04/03/1997
999 _c22391
_d22391